Experimentando con proteínas

Uloženo v:
Podrobná bibliografie
Hlavní autoři: Gamero Pérez, Silvia (Autor), Medeiros, Liliana (Autor)
Médium: Kniha
Jazyk:španělština
Vydáno: Buenos Aires Lumen 1993
Edice:Colección El Club de los Científicos
Témata:
Tagy: Přidat tag
Žádné tagy, Buďte první, kdo vytvoří štítek k tomuto záznamu!

MARC

LEADER 00000nam a2200000 a 4500
001 UCZ1429
003 CL-VaPUC
008 950824e19930000AG |||||||||||||||||spa|d
082 0 4 |a 372.3  |b GAM  |2 21 
100 |a Gamero Pérez, Silvia  |e author  |9 477244 
700 0 |a Medeiros, Liliana  |e author  |9 344997 
245 1 0 |a Experimentando con proteínas 
300 |a 32 p 
942 |c BK 
945 |d 19950824 00:00:00  |a rbrito 
260 |a Buenos Aires  |b Lumen  |c 1993 
650 7 |a PROTEINAS  |2 CL-VaPUC  |9 344998 
650 0 |a Educación científica   |9 307484 
650 0 |a Investigación científica  |9 259857 
583 |a last modification  |c 20170824 09:31:28  |k Rodrigo Vera 
490 0 |a Colección El Club de los Científicos 
999 |c 238176  |d 238174 
952 |0 0  |1 0  |4 0  |6 372_300000000000000_GAM_1993  |7 0  |8 P  |9 248201  |a BIBEDU  |b BIBEDU  |c BIBEDU_PB  |d 2019-11-18  |i 3118517  |o 372.3 GAM 1993  |p 3118517  |r 2024-01-25  |w 2019-11-18  |y BK  |k EPE